000 01055nam a22002897a 4500
001 541
005 20230615160836.0
008 230615b cb ||||| |||| 00| 0 eng d
020 _a0689825943
040 _aDLC
_cDLC
_dDLC
_beng
050 0 0 _aPZ7.C59118
_bSc 2001
082 0 0 _a[Fic]
_221
100 1 _aClements, Andrew
_d1949-2019
_eauthor.
245 1 4 _aThe school story /
_cAndrew Clements ; illustrated by Brian Selznick.
260 _aNew York :
_bAtheneum Books for Young Readers
_c2002.
300 _a196 pages. :
_billustrations. ;
_c22 cm.
505 _aM
520 _aAfter twelve-year-old Natalie writes a wonderful novel, her friend Zoe helps her devise a scheme to get it accepted at the publishing house where Natalie's mother works as an editor.
521 _a760
_bLexile
521 _aM
_bRaz-Plus
650 1 _aPublishers and publishing
_vFiction.
650 1 _vSchool
650 1 _aAuthorship
_vFiction.
700 1 _aSelznick, Brian
_eillustrator.
906 _a7
_bcbc
_corignew
_d1
_eocip
_f20
_gy-gencatlg
942 _2ddc
_cBK
_n0
999 _c541
_d541